Pokemon - Insecte - Statistiques

Statistiques générales
  • Ce quiz a été pris 19 fois
  • Le résultat moyen est 13 sur 20
Statistiques - réponses
Question minuscules ! Bzzz Bzzz % Correct
Premier pokemon insecte du pokedex Chenipan
100%
Capacité permettant de changer de pokemon après avoir touché Demi-Tour
84%
Ennemi d'Aflamanoir Fermite
84%
Peut évoluer seulement si le pokemon est femelle Apitrini
79%
Seul pokemon insecte-spectre Munja
79%
Permet d'obtenir Cizayox Peau métal
79%
Permet de faire méga évoluer Scarhino Scarhinoïte
79%
Pokemon à la plus grosse défense Caratroc
68%
Peut être de différentes capes Cheniselle
68%
Fossile permettant de réanimer un anorith Fossile Griffe
68%
Je suis un scorpion Rapion
68%
Peut evoluer selon sa valeur personelle Chenipotte
63%
Attaque qui convertit la moitié des dégâts infligés en PV pour le lanceur Vampirisme
63%
Membre du conseil 4 de Sinnoh Aaron
58%
Talent augmentant de 50% les attaques insectes s'il ne reste que 1/3 de ses PV Essaim
58%
Permet d'obtenir un Hachecateur Obsidienne
58%
Possède un sarmurai Guzma
53%
Attaque qui double si on l'utilise de manière consécutive Taillade
53%
Objet augmentant les attaques de type insecte Poudre argentée
32%
Attaque baissant l'attaque spéciale de tous les adversaires Survinsecte
21%
Aucun quiz correspondant
Distribution des résultats
% des personnes avec chaque résultat
Percentile par nombre de réponses
Votre historique - résultats
Vous n’avez pas pris ce quiz